000 00610nam a2200181 a 4500
008 120416s1989 ||||||||||||||||| || u
020 _a0947009094
050 _aKD 190 Mut
100 _aMutloatse, Mothobi
245 1 0 _aUmhlaba wethu
246 _aa historical indictment
260 _aJohannesburg
_bSkotaville
_c1989
300 _axxii, 164 p. : ill.
350 _a0.00
650 _aLAW
650 _aINDICTMENTS--HISTORY--LAW AND LEGISLATION
995 _D0.00
_FCBU-MAIN LIBRARY (Kitwe)
_H1
_I15.00
_M1
_UAVAILABLE
_ZAnnex Low-Usage Collection
999 _c60574
_d60574